01118nam a2200241Ia 4500001000600000003000900006008004100015040001300056040001300069041001300082100002200095100002900117245001900146245001900165250001100184260001100195260001500206260004900221300005700270500049000327650002800817650003100845G6419IT-RoPAU130308s9999 xx 000 0 und d aIT-RoPAU cIT-RoPAU aITALIANO aBuccheri Vincenzo gCodice Aut. SPICS: 42270 aTakeshi Kitano bTakeshi Kitano a1a ed. aMILANO bIl Castoro c2001 [1° Ed.:2001 - Ed.Ling.Originale:2001] a"144 p. (prefazione: no ; testo: 144 [pagine: 0-0])" a"Vita e Opere dell'attore regista giapponese Takeshi Kitano. Nasce a tokyo nel 1947. Celebre Attore e Showman Televisivo, Esordisce nella regia Quasi per Caso. Artista Saltimbanco, Racconta con furia Impassibile Storie Tragicomiche di Yakuza, Poliziotti e Bambini Rimasti Soli Davanti al Mare. tra I Suoi Film Ricordiamo: Sonatine (1993); Hana Bi (1997); L'Estate di Kikujiro(1999); Brother (2000). Kitano: Odi e Amori; Cinema Non Indifferente. Filmografia. Videografia. Bibliografia." aAUTORI/OPERE DEL CINEMA eCodice materia Spics: 6807